000 00329nam a22001337a 4500
008 171031b xxu||||| |||| 00| 0 eng d
020 _a9780070133068
041 _aeng
080 _29 ED
_a33
100 _a59
101 _aBUS
245 _aTHE LEGAL AND REGULATORY ENVIRONMENT OF BUSINESS
_cCORLEY.R.N
942 _2udc
_cBK
999 _c36863
_d36863